02060nam a22001937a 450000500170000000800410001702000180005804000070007604100080008308200180009110000230010924500340013226000320016630000270019836500530022552015560027865000140183470000180184820260227100618.0211007b ||||| |||| 00| 0 eng d a9789353450700 cAL aeng 223a330bBANG aAbhijit V Banerjee aGood Economics for Hard Times aNew DelhibJuggernautc2019 ax,403 p.bPBc20X14 cm a2775b₹559.20c₹d₹699.00e20%f04-10-2021 as opening up to international trade good for everybody? Do immigrants from poorer countries take away jobs from low-income native workers? Why is inequality exploding everywhere? Does redistribution actually undermine incentives? Should we worry about the rise of artificial intelligence or celebrate it? How do we manage the trade-off between growth and climate change? Is economic growth over in theWest? Should we care? Figuring out how to deal with todays critical economic problems is the great challenge of our time. Much greater than space travel, perhaps even than curing cancer what is at stake is the whole idea of the good life and, perhaps, of liberal democracy itself.We have the resources to solve these problems; what we lack are ideas that will help us jump the wall of disagreement and distrust that divides us. Only if we can engage seriously in this quest,and if the best minds in the world work with governments and civil society to redesign our social programs for effectiveness and political viability, will history remember our era with gratitude. In this revolutionary book, renowned MIT economists Abhijit V. Banerjee and Esther Duflo take on this challenge, building on cutting-edge research in economics, explained with lucidity and grace. Original, provocative,and urgent,Good Economics for Hard Times makes a persuasive case for intelligent interventions toward a society built on compassion and respect. It is an extraordinary book, one that will help us appreciate and understand our precariously balanced world......... aEconomics aDuflo, Esther